Statistics for All Amphoe (Districts) of Thailand with a Map

Click here to take the quiz!

General Stats

  • This quiz has been taken 533 times
  • The average score is 117 of 928

Answers on the Map

Answers color-coded by a green-red scale on the quiz's map according to % correct below.
 

Answer Stats

ProvinceDistrict% Correct
Chiang MaiMueang Chiang Mai
46%
PhraeSong
41%
BangkokDon Mueang
40%
PhuketMueang Phuket
40%
Chiang RaiMueang Chiang Rai
38%
BangkokBang Na
37%
NanMueang Nan
37%
Si Sa KetMueang Chan
35%
TakMueang Tak
35%
BangkokNong Chok
35%
BangkokPhra Nakhon
35%
Samut PrakanBang Bo
34%
BangkokBang Rak
34%
Samut PrakanMueang Samut Prakan
34%
Chiang RaiPhan
34%
Nakhon RatchasimaMueang Nakhon Ratchasima
33%
BangkokBangkok Noi
32%
BangkokBangkok Yai
32%
NonthaburiMueang Nonthaburi
32%
Pathum ThaniThanyaburi
32%
BangkokBang Khun Thian
31%
BangkokBang Sue
31%
BangkokChatuchak
31%
Ang ThongMueang Ang Thong
31%
Chon BuriMueang Chon Buri
31%
Pathum ThaniMueang Pathum Thani
31%
BangkokPathum Wan
31%
BangkokBang Bon
30%
BangkokDin Daeng
30%
BangkokLat Krabang
30%
Chiang RaiMae Sai
30%
BangkokMin Buri
30%
Surat ThaniPhanom
30%
Udon ThaniPhen
30%
BangkokPom Prap Sattru Phai
30%
BangkokSai Mai
30%
BangkokThon Buri
30%
BangkokBang Kapi
29%
BangkokBang Kho Laem
29%
Bangkok | Chiang MaiChom Thong
29%
BangkokDusit
29%
PhetchaburiMueang Phetchaburi
29%
RayongMueang Rayong
29%
Samut SakhonMueang Samut Sakhon
29%
Surat ThaniMueang Surat Thani
29%
NonthaburiPak Kret
29%
BangkokPhaya Thai
29%
BangkokBang Khen
28%
Buri Ram | Nakhon Ratchasima | Nakhon Si Thammarat | +2 othersChaloem Phra Kiat
28%
SongkhlaHat Yai
28%
Mae Hong SonMueang Mae Hong Son
28%
Samut SongkhramMueang Samut Songkhram
28%
YalaMueang Yala
28%
BangkokPhra Khanong
28%
BangkokSaphan Sung
28%
PhitsanulokWang Thong
28%
BangkokKhlong Toei
27%
BangkokLak Si
27%
KanchanaburiMueang Kanchanaburi
27%
Nakhon PathomMueang Nakhon Pathom
27%
RatchaburiMueang Ratchaburi
27%
TratMueang Trat
27%
BangkokPhasi Charoen
27%
BangkokRatchathewi
27%
BangkokThung Khru
27%
BangkokBang Khae
26%
Nakhon NayokBan Na
26%
Nakhon RatchasimaBua Yai
26%
BangkokKhlong Sam Wa
26%
BangkokLat Phrao
26%
Nakhon SawanMueang Nakhon Sawan
26%
PattaniMueang Pattani
26%
Prachin BuriMueang Prachin Buri
26%
SatunMueang Satun
26%
SongkhlaMueang Songkhla
26%
Suphan BuriMueang Suphan Buri
26%
Nakhon RatchasimaPak Chong
26%
Samut PrakanPhra Pradaeng
26%
BangkokSamphanthawong
26%
NonthaburiBang Yai
25%
Surat ThaniChaiya
25%
Surat ThaniKo Samui
25%
Buri RamMueang Buri Ram
25%
ChachoengsaoMueang Chachoengsao
25%
ChumphonMueang Chumphon
25%
Khon KaenMueang Khon Kaen
25%
NarathiwatMueang Narathiwat
25%
LampangMueang Pan
25%
Ubon RatchathaniMueang Ubon Ratchathani
25%
Nakhon RatchasimaPhimai
25%
BangkokPrawet
25%
BangkokSuan Luang
25%
BangkokThawi Watthana
25%
BangkokYan Nawa
25%
NonthaburiBang Kruai
24%
BangkokBang Phlat
24%
BangkokBueng Kum
24%
PhetchaburiCha-Am
24%
Prachuap Khiri KhanHua Hin
24%
Nakhon RatchasimaKhong
24%
Chai NatMueang Chai Nat
24%
ChaiyaphumMueang Chaiyaphum
24%
ChanthaburiMueang Chanthaburi
24%
Lop BuriMueang Lop Buri
24%
PhraeMueang Phrae
24%
SurinMueang Surin
24%
Udon ThaniMueang Udon Thani
24%
BangkokSathon
24%
BangkokTaling Chan
24%
BangkokVadhana
24%
BangkokWang Thonglang
24%
BangkokKhlong San
23%
TakMae Sot
23%
Bueng KanMueang Bueng Kan
23%
LamphunMueang Lamphun
23%
LoeiMueang Loei
23%
Sa KaeoMueang Sa Kaeo
23%
TrangMueang Trang
23%
Nakhon PathomSam Phran
23%
NonthaburiBang Bua Thong
22%
ChachoengsaoBang Pakong
22%
RatchaburiBan Pong
22%
YalaBetong
22%
BangkokHuai Khwang
22%
Pathum ThaniKhlong Luang
22%
Pathum ThaniLam Luk Ka
22%
KrabiMueang Krabi
22%
Nakhon NayokMueang Nakhon Nayok
22%
Nakhon Si ThammaratMueang Nakhon Si Thammarat
22%
RanongMueang Ranong
22%
Sing BuriMueang Sing Buri
22%
SukhothaiMueang Sukhothai
22%
Uthai ThaniMueang Uthai Thani
22%
Nakhon RatchasimaSikhio
22%
Chon BuriSi Racha
22%
Chon BuriBang Lamung
21%
Nakhon RatchasimaChok Chai
21%
BangkokKhan Na Yao
21%
Chiang RaiMae Fa Luang
21%
Maha SarakhamMueang Maha Sarakham
21%
Sakon NakhonMueang Sakon Nakhon
21%
Si Sa KetMueang Si Sa Ket
21%
Nakhon RatchasimaMueang Yang
21%
Nakhon SawanNong Bua
21%
Pathum ThaniNong Suea
21%
Mae Hong SonPai
21%
NonthaburiSai Noi
21%
Samut SongkhramAmphawa
20%
Pathum ThaniLat Lum Kaeo
20%
Amnat CharoenMueang Amnat Charoen
20%
KalasinMueang Kalasin
20%
PhitsanulokMueang Phitsanulok
20%
Prachuap Khiri KhanMueang Prachuap Khiri Khan
20%
Roi EtMueang Roi Et
20%
SaraburiMueang Saraburi
20%
BangkokNong Khaem
20%
Phra Nakhon Si AyutthayaPhra Nakhon Si Ayutthaya
20%
Pathum ThaniSam Khok
20%
Nakhon PathomBang Len
19%
Samut PrakanBang Phli
19%
Samut PrakanBang Sao Thong
19%
Nakhon RatchasimaDan Khun Thot
19%
Chiang MaiFang
19%
Nakhon RatchasimaKhon Buri
19%
Samut SakhonKrathum Baen
19%
MukdahanMueang Mukdahan
19%
Nong Bua Lam PhuMueang Nong Bua Lam Phu
19%
SaraburiNong Khae
19%
RatchaburiPak Tho
19%
Khon KaenPhon
19%
Samut PrakanPhra Samut Chedi
19%
Nakhon PathomPhutthamonthon
19%
BangkokRat Burana
19%
Suphan BuriSong Phi Nong
19%
PhuketThalang
19%
Chon BuriBan Bueng
18%
Samut SakhonBan Phaeo
18%
Nakhon RatchasimaBua Lai
18%
Surat ThaniKo Pha-Ngan
18%
LampangMueang Lampang
18%
PhangngaMueang Phangnga
18%
PhatthalungMueang Phatthalung
18%
PhayaoMueang Phayao
18%
PhetchabunMueang Phetchabun
18%
PhichitMueang Phichit
18%
Nakhon PathomNakhon Chai Si
18%
KanchanaburiSai Yok
18%
RatchaburiSuan Phueng
18%
SongkhlaThepha
18%
Nakhon RatchasimaWang Nam Khiao
18%
Buri RamBan Dan
17%
Samut SongkhramBang Khonthi
17%
RatchaburiBan Kha
17%
ChachoengsaoBan Pho
17%
Chiang RaiChiang Khong
17%
Chiang RaiChiang Saen
17%
Prachin BuriKabin Buri
17%
Nakhon PathomKamphaeng Saen
17%
PhuketKathu
17%
TratKo Chang
17%
Nakhon RatchasimaLam Thamenchai
17%
Chiang RaiMae Chan
17%
Chiang MaiMae Rim
17%
Nakhon PhanomMueang Nakhon Phanom
17%
Nong KhaiMueang Nong Khai
17%
UttaraditMueang Uttaradit
17%
YasothonMueang Yasothon
17%
LampangNgao
17%
Nakhon RatchasimaNon Sung
17%
Chiang MaiOmkoi
17%
Nakhon RatchasimaPak Thong Chai
17%
Surat ThaniPhunphin
17%
PhayaoPong
17%
Nakhon RatchasimaPrathai
17%
KanchanaburiSangkhla Buri
17%
Nakhon RatchasimaSung Noen
17%
Surat ThaniTha Chang
17%
Nakhon RatchasimaThepharak
17%
Phra Nakhon Si AyutthayaUthai
17%
Sa KaeoAranyaprathet
16%
ChachoengsaoBang Nam Priao
16%
Suphan BuriBang Pla Ma
16%
Prachuap Khiri KhanBang Saphan
16%
Nakhon RatchasimaBan Lueam
16%
Surat ThaniBan Ta Khun
16%
KanchanaburiBo Phloi
16%
Nakhon RatchasimaChakkarat
16%
Nakhon RatchasimaChum Phuang
16%
Nakhon RatchasimaKham Sakaesaeng
16%
Nakhon RatchasimaKham Thale So
16%
ChumphonLang Suan
16%
Chiang MaiMae Ai
16%
Mae Hong SonMae Sariang
16%
Chon BuriPhanat Nikhom
16%
SurinPrasat
16%
Udon ThaniSang Khom
16%
Nakhon RatchasimaSoeng Sang
16%
Chiang RaiThoeng
16%
KanchanaburiThong Pha Phum
16%
Phra Nakhon Si AyutthayaBang Pa-In
15%
PhetchaburiBan Laem
15%
Khon KaenBan Phai
15%
TakBan Tak
15%
Chiang MaiChai Prakan
15%
Nakhon SawanChum Saeng
15%
KanchanaburiDan Makham Tia
15%
Nakhon RatchasimaHuai Thalaeng
15%
Nakhon RatchasimaKaeng Sanam Nang
15%
Chon BuriKo Si Chang
15%
LamphunLi
15%
PhetchabunLom Sak
15%
Chiang RaiMae Lao
15%
Kamphaeng PhetMueang Kamphaeng Phet
15%
Nakhon RatchasimaNon Daeng
15%
Lop BuriNong Muang
15%
ChachoengsaoPhanom Sarakham
15%
Chiang RaiPhaya Mengrai
15%
Nakhon RatchasimaPhra Thong Kham
15%
Prachuap Khiri KhanPran Buri
15%
Chiang MaiSan Kamphaeng
15%
Chon BuriSattahip
15%
Nakhon RatchasimaSida
15%
ChanthaburiSoi Dao
15%
NarathiwatSu-Ngai Kolok
15%
NarathiwatTak Bai
15%
Phra Nakhon Si AyutthayaWang Noi
15%
ChachoengsaoBang Khla
14%
Sing BuriBang Rachan
14%
Phra Nakhon Si AyutthayaBang Sai
14%
Surat ThaniBan Na San
14%
Surat ThaniChai Buri
14%
Maha SarakhamChiang Yuen
14%
Khon KaenChonnabot
14%
PhayaoChun
14%
RatchaburiDamnoen Saduak
14%
Nakhon PathomDon Tum
14%
Chiang MaiGalyani Vadhana
14%
Chai NatHankha
14%
PhetchaburiKaeng Krachan
14%
Surat ThaniKhiri Rat Nikhom
14%
PattaniMae Lan
14%
Chiang MaiMae On
14%
Chiang RaiMae Suai
14%
Nakhon RatchasimaNong Bun Mak
14%
KanchanaburiNong Prue
14%
Nakhon RatchasimaNon Thai
14%
Nakhon NayokOngkharak
14%
Chiang RaiPa Daet
14%
TakPhop Phra
14%
PattaniSai Buri
14%
ChachoengsaoSanam Chai Khet
14%
Chiang MaiSan Sai
14%
Khon KaenSi Chomphu
14%
Prachin BuriSi Maha Phot
14%
KanchanaburiSi Sawat
14%
LoeiTha Li
14%
TakUmphang
14%
RatchaburiWat Phleng
14%
Chiang RaiWiang Chiang Rung
14%
RayongBan Chang
13%
Prachuap Khiri KhanBang Saphan Noi
13%
PhetchaburiBan Lat
13%
Nakhon SawanBanphot Phisai
13%
Ang ThongChaiyo
13%
Chiang MaiChiang Dao
13%
Suphan BuriDan Chang
13%
Chiang MaiDoi Saket
13%
Chiang MaiDoi Tao
13%
Surat ThaniDon Sak
13%
Sing BuriIn Buri
13%
Maha SarakhamKae Dam
13%
PhetchaburiKhao Yoi
13%
Ubon RatchathaniKhong Chiam
13%
Chiang RaiKhun Tan
13%
RayongKlaeng
13%
Chon BuriKo Chan
13%
Phra Nakhon Si AyutthayaMaha Rat
13%
SaraburiMuak Lek
13%
PhitsanulokNakhon Thai
13%
Ubon RatchathaniNam Yuen
13%
ChaiyaphumNong Bua Daeng
13%
Suphan BuriNong Ya Sai
13%
KanchanaburiPhanom Thuan
13%
Maha SarakhamPhayakkhaphum Phisai
13%
RatchaburiPhotharam
13%
Suphan BuriSam Chuk
13%
Chiang MaiSaraphi
13%
SukhothaiSawankhalok
13%
Surat ThaniTha Chana
13%
Sing BuriTha Chang
13%
KanchanaburiTha Muang
13%
Phra Nakhon Si AyutthayaTha Ruea
13%
ChachoengsaoTha Takiap
13%
LampangThoen
13%
PhraeWang Chin
13%
Chiang RaiWiang Chai
13%
Chiang RaiWiang Pa Pao
13%
Phra Nakhon Si AyutthayaBang Ban
12%
Phra Nakhon Si AyutthayaBang Pahan
12%
PhitsanulokBang Rakam
12%
Surat ThaniBan Na Doem
12%
Ubon RatchathaniBuntharik
12%
Lop BuriChai Badan
12%
PhitsanulokChat Trakan
12%
Nakhon Si ThammaratCha-Uat
12%
PhayaoChiang Kham
12%
LoeiChiang Khan
12%
Maha SarakhamChuen Chom
12%
Khon KaenChum Phae
12%
LoeiDan Sai
12%
PhraeDen Chai
12%
Ubon RatchathaniDet Udom
12%
Chiang RaiDoi Luang
12%
Chiang MaiHot
12%
ChanthaburiKaeng Hang Maeo
12%
Surat ThaniKanchanadit
12%
ChanthaburiKhao Khitchakut
12%
Maha SarakhamKosum Phisai
12%
ChanthaburiLaem Sing
12%
Uthai ThaniLan Sak
12%
PhraeLong
12%
Chiang MaiMae Chaem
12%
Chiang MaiMae Taeng
12%
ChanthaburiMakham
12%
Nong Bua Lam PhuNa Klang
12%
SaraburiNong Saeng
12%
Khon KaenNong Song Hong
12%
PhetchaburiNong Ya Plong
12%
Nakhon NayokPak Phli
12%
Chon BuriPhan Thong
12%
SaraburiPhra Phutthabat
12%
ChachoengsaoPlaeng Yao
12%
ChachoengsaoRatchasan
12%
Nong KhaiSangkhom
12%
Chiang MaiSan Pa Tong
12%
Buri RamSatuek
12%
SukhothaiSi Satchanalai
12%
Mae Hong SonSop Moei
12%
Nakhon SawanTakhli
12%
ChanthaburiTha Mai
12%
KanchanaburiTha Maka
12%
Nakhon Si ThammaratThung Song
12%
Suphan BuriU Thong
12%
Chiang RaiWiang Kaen
12%
Nan | Surat ThaniWiang Sa
12%
ChaiyaphumBamnet Narong
11%
SukhothaiBan Dan Lan Hoi
11%
Phra Nakhon Si AyutthayaBang Sai
11%
UttaraditBan Khok
11%
Lop BuriBan Mi
11%
Uthai ThaniBan Rai
11%
Prachin BuriBan Sang
11%
LamphunBan Thi
11%
Maha SarakhamBorabue
11%
Chon BuriBo Thong
11%
ChaiyaphumChatturat
11%
Nakhon Si ThammaratChawang
11%
NanChiang Klang
11%
Nakhon Si ThammaratChulabhorn
11%
Chiang MaiDoi Lo
11%
Ubon RatchathaniDon Mot Daeng
11%
Chiang MaiHang Dong
11%
Kamphaeng PhetKhanu Woralaksaburi
11%
Khon KaenKhao Suan Kwang
11%
Surat ThaniKhian Sa
11%
ChachoengsaoKhlong Khuean
11%
Kamphaeng PhetKhlong Lan
11%
ChanthaburiKhlung
11%
PattaniKhok Pho
11%
Mae Hong SonKhun Yuam
11%
Kamphaeng PhetKosamphi Nakhon
11%
Khon KaenKranuan
11%
Nakhon Si ThammaratLan Saka
11%
UttaraditLaplae
11%
Phra Nakhon Si AyutthayaLat Bua Luang
11%
Nakhon SawanLat Yao
11%
TakMae Ramat
11%
Chiang MaiMae Wang
11%
Prachin BuriNa Di
11%
Buri RamNang Rong
11%
NanNa Noi
11%
ChanthaburiNa Yai Am
11%
RayongNikhom Phatthana
11%
Buri RamNon Din Daeng
11%
ChaiyaphumNong Bua Rawe
11%
Roi EtNong Hi
11%
Buri RamNong Ki
11%
Udon ThaniNong Wua So
11%
Buri RamNon Suwan
11%
Nakhon Si ThammaratPak Phanang
11%
ChaiyaphumPhakdi Chumphon
11%
Amnat CharoenPhana
11%
ChumphonPhato
11%
Chiang MaiPhrao
11%
Buri RamPhutthaisong
11%
Buri RamPrakhon Chai
11%
NanPua
11%
PhraeRong Kwang
11%
Chiang MaiSamoeng
11%
SaraburiSao Hai
11%
ChumphonSawi
11%
Phra Nakhon Si AyutthayaSena
11%
Prachin BuriSi Mahosot
11%
PhetchabunSi Thep
11%
Sakon NakhonSong Dao
11%
PhraeSung Men
11%
Nakhon SawanTak Fa
11%
PhangngaTakua Pa
11%
Sa KaeoTa Phraya
11%
TakTha Song Yang
11%
PhetchaburiTha Yang
11%
Surat ThaniVibhavadi
11%
Chiang MaiWiang Haeng
11%
KrabiAo Luek
10%
Khon KaenBan Fang
10%
RatchaburiBang Phae
10%
LamphunBan Hong
10%
Buri RamBan Kruat
10%
YalaBannang Sata
10%
Phra Nakhon Si AyutthayaBan Phraek
10%
PhetchabunBueng Sam Phan
10%
LampangChae Hom
10%
SongkhlaChana
10%
PhayaoChiang Muan
10%
RatchaburiChom Bueng
10%
PhetchabunChon Daen
10%
SurinChumphon Buri
10%
Suphan BuriDoem Bang Nang Buat
10%
KanchanaburiHuai Krachao
10%
SaraburiKaeng Khoi
10%
KalasinKamalasai
10%
Si Sa KetKantharalak
10%
Maha SarakhamKantharawichai
10%
Nakhon SawanKao Liao
10%
RanongKapoe
10%
ChaiyaphumKaset Sombun
10%
Sing BuriKhai Bang Rachan
10%
MukdahanKhamcha-I
10%
Nakhon Si ThammaratKhanom
10%
PhetchabunKhao Kho
10%
Lop BuriKhok Samrong
10%
Sa KaeoKhok Sung
10%
LampangKo Kha
10%
SukhothaiKong Krailat
10%
PhangngaKo Yao
10%
RanongKra Buri
10%
Buri RamKrasang
10%
Ubon RatchathaniKut Khaopun
10%
Buri RamLam Plai Mat
10%
Lop BuriLam Sonthi
10%
KanchanaburiLao Khwan
10%
PhayaoMae Chai
10%
LampangMae Mo
10%
Nakhon SawanMae Poen
10%
LamphunMae Tha
10%
Nakhon SawanMae Wong
10%
Maha SarakhamNa Dun
10%
Ubon RatchathaniNam Khun
10%
PhetchabunNam Nao
10%
Nong Bua Lam PhuNa Wang
10%
PhitsanulokNoen Maprang
10%
ChaiyaphumNoen Sa-Nga
10%
PhraeNong Muang Khai
10%
Udon ThaniNong Saeng
10%
Ang ThongPa Mok
10%
Mae Hong SonPang Mapha
10%
Phra Nakhon Si AyutthayaPhak Hai
10%
Nakhon SawanPhayuha Khiri
10%
UttaraditPhichai
10%
Buri RamPhlapphla Chai
10%
Kamphaeng PhetPhran Kratai
10%
Surat ThaniPhrasaeng
10%
PhitsanulokPhrom Phiram
10%
ChaiyaphumPhu Khiao
10%
LoeiPhu Kradueng
10%
PhayaoPhu Sang
10%
RayongPluak Daeng
10%
ChanthaburiPong Nam Ron
10%
Prachin BuriPrachantakham
10%
Kamphaeng PhetSai Ngam
10%
Ang ThongSamko
10%
TakSam Ngao
10%
Prachuap Khiri KhanSam Roi Yot
10%
Nakhon Si ThammaratSichon
10%
Ubon RatchathaniSirindhorn
10%
SukhothaiSi Samrong
10%
NarathiwatSu-Ngai Padi
10%
Lop BuriTha Luang
10%
Prachuap Khiri KhanThap Sakae
10%
Nakhon Si ThammaratTha Sala
10%
Nakhon SawanTha Tako
10%
ChaiyaphumThep Sathit
10%
Sa KaeoWang Nam Yen
10%
Maha SarakhamWapi Pathum
10%
PhitsanulokWat Bot
10%
Ang ThongWiset Chai Chan
10%
KalasinYang Talat
10%
PhitsanulokBang Krathum
9%
PhichitBang Mun Nak
9%
ChaiyaphumBan Khwao
9%
NanBan Luang
9%
SaraburiBan Mo
9%
NanBo Kluea
9%
SurinBuachet
9%
Bueng KanBueng Khong Long
9%
Nakhon SawanChum Ta Bong
9%
PhayaoDok Khamtai
9%
Suphan BuriDon Chedi
9%
SaraburiDon Phut
9%
Sa KaeoKhao Chakan
9%
SukhothaiKhiri Mat
9%
Sa KaeoKhlong Hat
9%
KrabiKhlong Thom
9%
ChaiyaphumKhon San
9%
SatunKhuan Kalong
9%
Si Sa KetKhukhan
9%
Buri RamKhu Mueang
9%
PhangngaKhura Buri
9%
Nakhon SawanKrok Phra
9%
KalasinKuchinarai
9%
Prachuap Khiri KhanKui Buri
9%
Maha SarakhamKut Rang
9%
Kamphaeng PhetLan Krabue
9%
Ubon RatchathaniLao Suea Kok
9%
YasothonLoeng Nok Tha
9%
PhetchabunLom Kao
9%
Mae Hong SonMae La Noi
9%
LampangMae Tha
9%
PattaniMai Kaen
9%
Maha SarakhamNa Chueak
9%
Phra Nakhon Si AyutthayaNakhon Luang
9%
NanNa Muen
9%
Buri RamNa Pho
9%
PattaniNong Chik
9%
LoeiNong Hin
9%
PhetchabunNong Phai
9%
Nakhon Si ThammaratNopphitam
9%
PhatthalungPa Bon
9%
Kamphaeng PhetPang Sila Thong
9%
Roi EtPathum Rat
9%
Amnat CharoenPathum Ratchawongsa
9%
Phra Nakhon Si AyutthayaPhachi
9%
Nakhon SawanPhaisali
9%
Ang ThongPho Thong
9%
Nakhon Si ThammaratPhra Phrom
9%
PhayaoPhu Kamyao
9%
Nakhon Si ThammaratRon Phibun
9%
SongkhlaSadao
9%
Kamphaeng PhetSai Thong Watthana
9%
PhichitSam Ngam
9%
Chai NatSankhaburi
9%
NanSanti Suk
9%
Chai NatSapphaya
9%
ChaiyaphumSap Yai
9%
Ang ThongSawaeng Ha
9%
Nong Bua Lam PhuSi Bun Rueang
9%
SukhothaiSi Nakhon
9%
Suphan BuriSi Prachan
9%
Roi EtSi Somdet
9%
NanSong Khwae
9%
RanongSuk Samran
9%
Roi EtSuwannaphum
9%
PhangngaTakua Thung
9%
Sakon NakhonTao Ngoi
9%
PhichitTaphan Hin
9%
PhangngaThai Mueang
9%
UttaraditTha Pla
9%
Nakhon PhanomThat Phanom
9%
NanTha Wang Pha
9%
UttaraditTron
9%
PhichitWachirabarami
9%
NarathiwatWaeng
9%
PattaniYarang
9%
PattaniYaring
9%
Nakhon Si ThammaratBang Khan
8%
Khon KaenBan Haet
8%
RayongBan Khai
8%
Buri RamBan Mai Chaiyaphot
8%
TratBo Rai
8%
PhichitBueng Na Rang
8%
Nakhon Si ThammaratChang Klang
8%
Nakhon Si ThammaratChian Yai
8%
NarathiwatCho-Airong
8%
PhichitDong Charoen
8%
LampangHang Chat
8%
KalasinHuai Mek
8%
Nakhon Si ThammaratHua Sai
8%
ChaiyaphumKaeng Khro
8%
TrangKantang
8%
Si Sa KetKanthararom
8%
Buri RamKhaen Dong
8%
RayongKhao Chamao
8%
ChaiyaphumKhon Sawan
8%
SatunKhuan Don
8%
PhatthalungKhuan Khanun
8%
TratKo Kut
8%
KrabiKo Lanta
8%
Buri RamLahan Sai
8%
ChumphonLamae
8%
RanongLa-Un
8%
Amnat CharoenLue Amnat
8%
LampangMae Phrik
8%
Khon KaenMancha Khiri
8%
Chai NatManorom
8%
Ubon RatchathaniMuang Sam Sip
8%
Nakhon Si ThammaratNa Bon
8%
Ubon RatchathaniNa Chaluai
8%
Ubon RatchathaniNa Yia
8%
Chai NatNoen Kham
8%
SaraburiNong Don
8%
Chai NatNong Mamong
8%
Khon KaenNong Ruea
8%
Chon BuriNong Yai
8%
KrabiNuea Khlong
8%
LoeiPak Chom
8%
PhatthalungPak Phayun
8%
PattaniPanare
8%
LamphunPa Sang
8%
ChumphonPathio
8%
Si Sa KetPhayu
8%
Nakhon Si ThammaratPhipun
8%
Roi EtPhon Thong
8%
PhichitPho Prathap Chang
8%
PhichitPho Thale
8%
Sing BuriPhrom Buri
8%
Nakhon Si ThammaratPhrom Khiri
8%
LoeiPhu Luang
8%
Khon KaenPhu Pha Man
8%
Sakon NakhonPhu Phan
8%
Khon KaenPhu Wiang
8%
Khon KaenPueai Noi
8%
PhichitSak Lek
8%
SurinSangkha
8%
SongkhlaSathing Phra
8%
Bueng KanSeka
8%
LampangSoem Ngam
8%
YalaThan To
8%
ChumphonTha Sae
8%
Lop BuriTha Wung
8%
LamphunThung Hua Chang
8%
SukhothaiThung Saliam
8%
Nakhon Si ThammaratThung Yai
8%
Ubon RatchathaniTrakan Phuet Phon
8%
Khon KaenWaeng Noi
8%
TakWang Chao
8%
SaraburiWang Muang
8%
Sa KaeoWang Sombun
8%
Ubon RatchathaniWarin Chamrap
8%
Sa KaeoWatthana Nakhon
8%
LamphunWiang Nong Long
8%
PhetchabunWichian Buri
8%
Maha SarakhamYang Sisurat
8%
Sakon NakhonAkat Amnuai
7%
Roi EtAt Samat
7%
NarathiwatBacho
7%
Udon ThaniBan Dung
7%
PhatthalungBang Kaeo
7%
ChaiyaphumBan Thaen
7%
Si Sa KetBenchalak
7%
Si Sa KetBueng Bun
7%
Kamphaeng PhetBueng Samakkhi
7%
Buri RamChamni
7%
Roi EtChiang Khwan
7%
LoeiErawan
7%
UttaraditFak Tha
7%
Buri RamHuai Rat
7%
Amnat CharoenHua Taphan
7%
PattaniKapho
7%
TratKhao Saming
7%
Ubon RatchathaniKhemarat
7%
Kamphaeng PhetKhlong Khlung
7%
TratKhlong Yai
7%
Khon KaenKhok Pho Chai
7%
KalasinKhong Chai
7%
Ubon RatchathaniKhueang Nai
7%
TratLaem Ngop
7%
SatunLa-Ngu
7%
NanMae Charim
7%
Roi EtMoei Wadi
7%
Roi EtMueang Suang
7%
LoeiNa Haeo
7%
UttaraditNam Pat
7%
Khon KaenNam Phong
7%
Nakhon PhanomNa Wa
7%
Udon ThaniNa Yung
7%
Udon ThaniNong Han
7%
Buri RamNong Hong
7%
Nong Bua Lam PhuNon Sang
7%
Buri RamPakham
7%
Bueng KanPak Khat
7%
PhatthalungPa Phayom
7%
SurinPhanom Dong Rak
7%
Lop BuriPhatthana Nikhom
7%
Roi EtPho Chai
7%
Khon KaenPhra Yuen
7%
LoeiPhu Ruea
7%
Udon ThaniPrachaksinlapakhom
7%
NarathiwatRa-Ngae
7%
SongkhlaRanot
7%
NarathiwatRueso
7%
Ubon RatchathaniSamrong
7%
Khon KaenSam Sung
7%
Sakon NakhonSawang Daen Din
7%
Ubon RatchathaniSawang Wirawong
7%
SurinSikhoraphum
7%
NarathiwatSi Sakhon
7%
LampangSop Prap
7%
PhatthalungSrinagarindra
7%
NarathiwatSukhirin
7%
Nong Bua Lam PhuSuwannakhuha
7%
PhichitTap Khlo
7%
Nakhon Si ThammaratTham Phannara
7%
NanThung Chang
7%
Khon KaenUbolratana
7%
Khon KaenWaeng Yai
7%
RayongWang Chan
7%
LampangWang Nuea
7%
PhichitWang Sai Phun
7%
LoeiWang Saphung
7%
Chai NatWat Sing
7%
Khon KaenWiang Kao
7%
SaraburiWihan Daeng
7%
YalaYaha
7%
Sakon NakhonBan Muang
6%
Udon ThaniBan Phue
6%
Bueng KanBung Khla
6%
NarathiwatChanae
6%
Roi EtChanghan
6%
Amnat CharoenChanuman
6%
Sakon NakhonCharoen Sin
6%
Roi EtChaturaphak Phiman
6%
SurinChom Phra
6%
Nong KhaiFao Rai
6%
Uthai ThaniHuai Khot
6%
TrangHuai Yot
6%
YalaKabang
6%
Roi EtKaset Wisai
6%
KalasinKham Muang
6%
PhatthalungKhao Chaison
6%
Lop BuriKhok Charoen
6%
Si Sa KetKhun Han
6%
SongkhlaKrasae Sin
6%
Sakon NakhonKusuman
6%
SurinLamduan
6%
PattaniMayo
6%
LoeiNa Duang
6%
Nakhon PhanomNa Kae
6%
KalasinNa Mon
6%
Udon ThaniNam Som
6%
Ubon RatchathaniNa Tan
6%
TrangNa Yong
6%
Khon KaenNong Na Kham
6%
Udon ThaniNon Sa-At
6%
Khon KaenNon Sila
6%
Roi EtPhanom Phrai
6%
Si Sa KetPhrai Bueng
6%
NanPhu Phiang
6%
Si Sa KetPhu Sing
6%
Si Sa KetRasi Salai
6%
SongkhlaSaba Yoi
6%
Lop BuriSa Bot
6%
Roi EtSelaphum
6%
Amnat CharoenSenangkhanikhom
6%
PhatthalungSi Banphot
6%
Nong KhaiSi Chiang Mai
6%
Bueng KanSi Wilai
6%
KalasinSomdet
6%
Bueng KanSo Phisai
6%
PhatthalungTamot
6%
Ubon RatchathaniTan Sum
6%
SatunTha Phae
6%
SurinTha Tum
6%
UttaraditThong Saen Khan
6%
PhetchabunWang Pong
6%
Sakon NakhonWanon Niwat
6%
Si Sa KetYang Chum Noi
6%
SongkhlaBang Klam
5%
Nakhon PhanomBan Phaeng
5%
Udon ThaniChai Wan
5%
KalasinDon Chan
5%
MukdahanDon Tan
5%
KalasinHuai Phueng
5%
Si Sa KetHuai Thap Than
5%
PhangngaKapong
5%
Sakon NakhonKham Ta Kla
5%
KrabiKhao Phanom
5%
SongkhlaKhlong Hoi Khong
5%
Sakon NakhonKhok Si Suphan
5%
PhatthalungKong Ra
5%
Udon ThaniKumphawapi
5%
Sakon NakhonKut Bak
5%
KrabiLam Thap
5%
SatunManang
5%
KalasinNa Khu
5%
Si Sa KetNam Kliang
5%
SongkhlaNa Mom
5%
SongkhlaNa Thawi
5%
MukdahanNikhom Kham Soi
5%
Sakon NakhonNikhom Nam Un
5%
Uthai ThaniNong Chang
5%
Uthai ThaniNong Khayang
5%
Roi EtNong Phok
5%
Si Sa KetNon Khun
5%
SurinNon Narai
5%
LoeiPha Khao
5%
Sakon NakhonPhang Khon
5%
Ubon RatchathaniPhibun Mangsahan
5%
Sakon NakhonPhon Na Kaeo
5%
Nong KhaiPhon Phisai
5%
Roi EtPhon Sai
5%
Nakhon PhanomPhon Sawan
5%
Si Sa KetPho Si Suwan
5%
KrabiPlai Phraya
5%
Si Sa KetPrang Ku
5%
YalaRaman
5%
TrangRatsada
5%
SurinRattanaburi
5%
Nong KhaiRattanawapi
5%
SongkhlaRattaphum
5%
Nakhon PhanomRenu Nakhon
5%
Nong KhaiSakhrai
5%
KalasinSam Chai
5%
SurinSamrong Thap
5%
SurinSanom
5%
Uthai ThaniSawang Arom
5%
Ubon RatchathaniSi Mueang Mai
5%
SurinSi Narong
5%
SongkhlaSinghanakhon
5%
Si Sa KetSi Rattana
5%
Udon ThaniSi That
5%
Nong KhaiTha Bo
5%
PhangngaThap Put
5%
Uthai ThaniThap Than
5%
Udon ThaniThung Fon
5%
ChumphonThung Tako
5%
Si Sa KetUthumphon Phisai
5%
NarathiwatYi-Ngo
5%
MukdahanDong Luang
4%
TrangHat Samran
4%
SurinKap Choeng
4%
KalasinKhao Wong
4%
SongkhlaKhuan Niang
4%
SurinKhwao Sin Rin
4%
YalaKrong Pinang
4%
Udon ThaniKu Kaeo
4%
Udon ThaniKut Chap
4%
YasothonKut Chum
4%
Nakhon PhanomNa Thom
4%
KalasinNong Kung Si
4%
MukdahanNong Sung
4%
TrangPalian
4%
Sakon NakhonPhanna Nikhom
4%
Udon ThaniPhibun Rak
4%
Bueng KanPhon Charoen
4%
Nong KhaiPho Tak
4%
Nakhon PhanomPla Pak
4%
KalasinRong Kham
4%
KalasinSahatsakhan
4%
TrangSikao
4%
Si Sa KetSila Lat
4%
Nakhon PhanomSi Songkhram
4%
YasothonThai Charoen
4%
KalasinTha Khantho
4%
Nakhon PhanomTha Uthen
4%
SatunThung Wa
4%
PattaniThung Yang Daeng
4%
Si Sa KetWang Hin
4%
Udon ThaniWang Sam Mo
4%
TrangWang Wiset
4%
Nakhon PhanomWang Yang
4%
Sakon NakhonWaritchaphum
4%
TrangYan Ta Khao
4%
YasothonKham Khuean Kaeo
3%
YasothonKho Wang
3%
YasothonMaha Chana Chai
3%
YasothonPa Tio
3%
Ubon RatchathaniPho Sai
3%
YasothonSai Mun
3%
Roi EtThawat Buri
3%
Roi EtThung Khao Luang
3%
Ubon RatchathaniThung Si Udom
3%
MukdahanWan Yai
3%

Score Distribution

Percentile by Number Answered

Percent of People with Each Score

Your Score History

You have not taken this quiz